[Event "Alushta Rapid op"]
[Site "Alushta"]
[Date "2023.07.11"]
[Round "4"]
[White "Chos, Alexey"]
[Black "Truskavetsky, Alexandr"]
[Result "0-1"]
[WhiteElo "2296"]
[BlackElo "2363"]
[PlyCount "76"]
[EventDate "2023.07.11"]
[EventType "swiss (rapid)"]
[EventRounds "11"]
[EventCountry "UKR"]
[SourceTitle "CBM 215 Extra"]
[Source "ChessBase"]
[SourceDate "2023.09.30"]
[SourceVersion "1"]
[SourceVersionDate "2023.09.30"]
[SourceQuality "1"]

1. d4 d5 2. c4 c6 3. Nf3 Nf6 4. Nc3 e6 5. g3 Be7 6. Bg2 0-0 7. 0-0 Nbd7 8. Qc2 dxc4 9. e4 b5 10. a3 Bb7 11. Rd1 a6 12. e5 Nd5 13. Ne4 h6 14. h4 c5 15. dxc5 Nxc5 16. Nxc5 Bxc5 17. b3 Rc8 18. bxc4 Ba7 19. Bf1 bxc4 20. Rb1 Ba8 21. Bg2 Qa5 22. Bd2 Qxa3 23. Ra1 Qc5 24. Bxh6 gxh6 25. Rd4 Ne7 26. Rg4+ Kh8 27. Rf4 c3 28. Rf6 Qxf2+ 29. Qxf2 Bxf2+ 30. Kxf2 c2 31. Rc1 Nd5 32. Rxh6+ Kg7 33. Rh5 Nb4 34. Rg5+ Kh6 35. Nh2 f5 36. exf6 Rxf6+ 37. Ke3 Rf5 38. Bxa8 Rxa8 0-1

[Event "Alushta Rapid op"]
[Site "Alushta"]
[Date "2023.07.11"]
[Round "1"]
[White "Spassky, Mikhail"]
[Black "Chos, Alexey"]
[Result "0-1"]
[WhiteElo "1351"]
[BlackElo "2296"]
[PlyCount "106"]
[EventDate "2023.07.11"]
[EventType "swiss (rapid)"]
[EventRounds "11"]
[EventCountry "UKR"]
[SourceTitle "CBM 215 Extra"]
[Source "ChessBase"]
[SourceDate "2023.09.30"]
[SourceVersion "1"]
[SourceVersionDate "2023.09.30"]
[SourceQuality "1"]

1. d4 Nf6 2. c4 c5 3. e3 e6 4. Nf3 Be7 5. Be2 0-0 6. 0-0 d5 7. Nc3 a6 8. cxd5 exd5 9. dxc5 Bxc5 10. a3 Nc6 11. b4 Ba7 12. Bb2 Bf5 13. Rc1 Rc8 14. Na4 Be4 15. Nc5 Qe7 16. Nd4 Bb8 17. Nxc6 Rxc6 18. Bf3 Re8 19. Qe2 a5 20. Rfd1 axb4 21. axb4 Rb6 22. Bxf6 Rxf6 23. Bxe4 dxe4 24. Rd5 b6 25. Nd7 Bxh2+ 26. Kxh2 Rh6+ 27. Rh5 Rxh5+ 28. Qxh5 Qxd7 29. Rd1 Qc7+ 30. Kg1 g6 31. Qd5 Re6 32. Rd4 Qe7 33. Rc4 Kg7 34. b5 Rd6 35. Rxe4 Rxd5 36. Rxe7 Rxb5 37. Rb7 h5 38. g3 g5 39. Kg2 g4 40. Rc7 Rc5 41. Rb7 b5 42. Rb6 f6 43. Rb7+ Kg6 44. Rb6 Kg5 45. Rb8 Kf5 46. Re8 Re5 47. Rb8 Ke4 48. Rd8 Rd5 49. Rc8 Kd3 50. f3 Kxe3 51. fxg4 hxg4 52. Rc3+ Kd4 53. Rb3 Kc4 0-1

[Event "Titled Tuesday intern op 27th Jun Early"]
[Site "Chess.com INT"]
[Date "2023.06.27"]
[Round "3"]
[White "Bharath, Subramaniyam H"]
[Black "Chos, Alexey"]
[Result "0-1"]
[WhiteElo "2502"]
[BlackElo "2296"]
[PlyCount "101"]
[EventDate "2023.06.27"]
[EventType "swiss (blitz)"]
[EventRounds "11"]
[EventCountry "USA"]
[SourceTitle "EXT 2024"]
[Source "ChessBase"]
[SourceDate "2023.10.10"]
[SourceVersion "1"]
[SourceVersionDate "2023.10.10"]
[SourceQuality "1"]

1. e4 e5 2. Nf3 Nc6 3. Bc4 Nf6 4. d3 Bc5 5. Nc3 0-0 6. 0-0 h6 7. Be3 Bb6 8. a4 d6 9. h3 Be6 10. Nd2 d5 11. exd5 Nxd5 12. Bxd5 Bxd5 13. Nxd5 Qxd5 14. Ne4 f5 15. Nc3 Qf7 16. Qb1 f4 17. Bxb6 axb6 18. f3 Nd4 19. Ne4 Kh7 20. c3 Nf5 21. Rf2 Qg6 22. Qa2 Rad8 23. Rd1 Ne3 24. Rdd2 Rd7 25. d4 exd4 26. cxd4 Rfd8 27. b3 Rxd4 28. Kh1 Nf5 29. Rxd4 Rxd4 30. Rd2 Rxd2 31. Qxd2 Ne3 32. Kg1 Qc6 33. g3 Qg6 34. g4 Qc6 35. Kf2 Qc2 36. Qxc2 Nxc2 37. Nc3 c6 38. Ne4 Nd4 39. b4 Nc2 40. b5 cxb5 41. axb5 Nd4 42. Nd6 Kg8 43. h4 Kf8 44. Nxb7 Nxb5 45. Nd8 Nd4 46. g5 hxg5 47. hxg5 Ke7 48. Nb7 Kd7 49. Ke1 Kc7 50. Kd2 Nxf3+ 51. Kd3 0-1

[Event "Titled Tuesday intern op 13th Jun Early"]
[Site "Chess.com INT"]
[Date "2023.06.13"]
[Round "1"]
[White "Sanchez, Roberto Daniel"]
[Black "Chos, Alexey"]
[Result "0-1"]
[WhiteElo "1966"]
[BlackElo "2296"]
[PlyCount "85"]
[EventDate "2023.06.13"]
[EventType "swiss (blitz)"]
[EventRounds "11"]
[EventCountry "USA"]
[SourceTitle "EXT 2024"]
[Source "ChessBase"]
[SourceDate "2023.10.10"]
[SourceVersion "1"]
[SourceVersionDate "2023.10.10"]
[SourceQuality "1"]

1. Nf3 g6 2. e4 Bg7 3. Bc4 d6 4. Nc3 Nf6 5. d3 0-0 6. h3 c6 7. a4 d5 8. exd5 cxd5 9. Bb3 Nc6 10. 0-0 e5 11. Bg5 Be6 12. Re1 Qc7 13. Bxf6 Bxf6 14. Nxd5 Bxd5 15. Bxd5 Nb4 16. Bb3 Rad8 17. Qe2 Rfe8 18. Qe4 a5 19. Rac1 Kg7 20. h4 h6 21. h5 g5 22. Qf5 Qc8 23. Qe4 g4 24. Nd2 Rd4 25. Qe2 g3 26. Ne4 Bh4 27. fxg3 Be7 28. c3 Nxd3 29. cxd4 Nxc1 30. Qf3 Nxb3 31. Qxb3 exd4 32. Rf1 Qe6 33. Qd3 Rd8 34. g4 Qxg4 35. Ng3 Bg5 36. Nf5+ Kg8 37. Rf3 Qxh5 38. Rh3 Qg6 39. Rg3 Kh8 40. Qe4 Qc6 41. Qe5+ Qf6 42. Qe4 Qe6 43. Qg4 0-1

[Event "Titled Tuesday intern op 23rd May Late"]
[Site "Chess.com INT"]
[Date "2023.05.23"]
[Round "3"]
[White "Quispe Arteaga, Gabriel"]
[Black "Chos, Alexey"]
[Result "1-0"]
[WhiteElo "2381"]
[BlackElo "2296"]
[PlyCount "77"]
[EventDate "2023.05.23"]
[EventType "swiss (blitz)"]
[EventRounds "11"]
[EventCountry "USA"]
[SourceTitle "EXT 2024"]
[Source "ChessBase"]
[SourceDate "2023.10.10"]
[SourceVersion "1"]
[SourceVersionDate "2023.10.10"]
[SourceQuality "1"]

1. c4 d5 2. cxd5 Qxd5 3. Nc3 Qd8 4. Nf3 g6 5. g3 Bg7 6. Bg2 Nf6 7. 0-0 0-0 8. d3 Nbd7 9. Bf4 c6 10. Rc1 Re8 11. a3 e5 12. Bg5 h6 13. Bd2 Nc5 14. Qc2 e4 15. dxe4 Ncxe4 16. Nxe4 Nxe4 17. Rcd1 Qe7 18. Be3 Bf5 19. Qc1 Kh7 20. Bd4 Nf6 21. e3 Be4 22. b4 Rac8 23. Qb2 b6 24. Rc1 c5 25. Bc3 cxb4 26. axb4 Bh8 27. Bd4 Nd5 28. Bxh8 Rxh8 29. b5 Rhd8 30. Qe5 Rxc1 31. Rxc1 Rd7 32. Rc8 f6 33. Qb8 Qg7 34. Nd4 Ne7 35. Bxe4 Nxc8 36. Qxc8 Rc7 37. Qe8 Re7 38. Bxg6+ Qxg6 39. Qxe7+ 1-0